The fourth of june
Sparad:
| Huvudupphovsman: | |
|---|---|
| Materialtyp: | Bok |
| Språk: | engelska |
| Publicerad: |
Londres
Pan Books
1962
|
| Ämnen: | |
| Taggar: |
Lägg till en tagg
Inga taggar, Lägg till första taggen!
|
MARC
| LEADER | 00000nam a2200000 a 4500 | ||
|---|---|---|---|
| 001 | UCQ3779 | ||
| 003 | CL-VaPUC | ||
| 008 | 980828e19620000UK |||||||||||||||||eng|d | ||
| 082 | 0 | 4 | |a 823 |b BEN |2 21 |
| 100 | 0 | |a Benedictus, David |e author |9 418021 | |
| 245 | 1 | 4 | |a The fourth of june |
| 300 | |a 175 p | ||
| 942 | |c BK | ||
| 945 | |d 19980828 00:00:00 |a crobeson | ||
| 260 | |a Londres |b Pan Books |c 1962 | ||
| 650 | 0 | |a Novelas inglesas |9 265220 | |
| 650 | 0 | |a Literatura inglesa |9 312907 | |
| 583 | |a last modification |c 19980828 00:00:00 |k Rodrigo Vera | ||
| 999 | |c 274294 |d 274292 | ||
| 952 | |0 0 |1 0 |4 0 |6 823_000000000000000_BEN_1962 |7 0 |8 A |9 310430 |a BIBEDU |b BIBEDU |d 2019-11-20 |i 1458159 |o 823 BEN 1962 |p 1458159 |r 2019-11-20 |w 2019-11-20 |y BK |k LIT | ||